Normal view
MARC view
- Wesner, John W Trimble, David C Hiatt, Jeffrey M
Entry Personal Name
001 - CONTROL NUMBER
- control field: 76385
003 - CONTROL NUMBER IDENTIFIER
- control field: NUST
005 - DATE AND TIME OF LATEST TRANSACTION
- control field: 20210628205633.0
008 - FIXED-LENGTH DATA ELEMENTS
- fixed length control field: 210628|| aca||aabn | a|a d
040 ## - CATALOGING SOURCE
- Original cataloging agency: NUST
- Transcribing agency: NUST
100 ## - HEADING--PERSONAL NAME
- Personal name: Wesner, John W Trimble, David C Hiatt, Jeffrey M
670 ## - SOURCE DATA FOUND
- Source citation: Work cat.: (NUST): Wesner, John W Trimble, David C Hiatt, Jeffrey M, Winning with quality applying quality principles in product development, 1995
